Complete the film title (Clint Eastwood, actor) #2of2 - Statistics

General Stats
  • This quiz has been taken 41 times
  • The average score is 11 of 19
Answer Stats
Film Title Year % Correct
Million Dollar {Baby} 2004
92%
Gran {Torino} 2008
89%
The Bridges of Madison {County} 1995
89%
In the Line of {Fire} 1993
84%
Pale {Rider} 1985
81%
Space {Cowboys} 2000
76%
Sudden {Impact} 1984
73%
Any Which Way You {Can} 1980
68%
Bronco {Billy} 1980
65%
Heartbreak {Ridge} 1986
65%
Honkytonk {Man} 1982
49%
Absolute {Power} 1997
46%
Pink {Cadillac} 1989
46%
The Dead {Pool} 1988
46%
White Hunter Black {Heart} 1990
35%
Trouble with the {Curve} 2012
27%
City {Heat} 1984
22%
True {Crime} 1999
19%
Blood {Work} 2002
11%
No matching quizzes found
Score Distribution
Percent of People with Each Score
Percentile by Number Answered
Your Score History
You have not taken this quiz